Click the Countries of North America on a Map - Statistics

General Stats
  • This quiz has been taken 853 times
  • The average score is 17 of 23
Answers on the Map
Answers color-coded by a green-red scale on the quiz's map according to % correct below.
 
Answer Stats
Answer % Correct
Mexico
95%
Canada
93%
United States
93%
Panama
89%
Cuba
86%
Bahamas
85%
El Salvador
83%
Dominican Republic
81%
Nicaragua
81%
Haiti
80%
Belize
79%
Honduras
79%
Jamaica
78%
Costa Rica
75%
Guatemala
72%
Trinidad and
Tobago
72%
Antigua and
Barbuda
63%
Barbados
61%
Saint Lucia
56%
Dominica
54%
Grenada
54%
Saint Kitts
and Nevis
53%
Saint Vincent and
the Grenadines
52%
No matching quizzes found
Score Distribution
Percent of People with Each Score
Percentile by Number Answered
Your Score History
You have not taken this quiz